Actuales normas ortográficas y prosódicas de la Academia Española / (Record no. 699)

MARC details
000 -CABECERA
campo de control de longitud fija 00634nam a2200205 a 4500
005 - FECHA Y HORA DE LA ÚLTIMA TRANSACCIÓN
campo de control 20220531063626.0
008 - ELEMENTOS DE LONGITUD FIJA--INFORMACIÓN GENERAL
campo de control de longitud fija 991125s1974 es 000 0 spa u
020 ## - NÚMERO INTERNACIONAL NORMALIZADO PARA LIBROS
Número Internacional Estándar del Libro 8473530152
035 ## - NÚMERO DE CONTROL DEL SISTEMA
Número de control de sistema UPN01000000699
049 ## - COLECCIÓN
Colección CG
050 #4 - SIGNATURA TOPOGRÁFICA DE LA BIBLIOTECA DEL CONGRESO
Número de clasificación PC4505
Número de documento/Ítem R6.2
100 1# - ASIENTO PRINCIPAL--NOMBRE PERSONAL
Nombre de persona Rosenblat, Angel
245 10 - MENCIÓN DE TÍTULO
Título Actuales normas ortográficas y prosódicas de la Academia Española /
Mención de responsabilidad, etc. Angel Rosenblat ; pról. Rodolfo Barón Castro.
260 ## - PUBLICACIÓN, DISTRIBUCIÓN, ETC.
Lugar de publicación, distribución, etc. Madrid :
Nombre del editor, distribuidor, etc. OEI :
-- Promoción Cultural,
Fecha de publicación, distribución, etc. 1974
300 ## - DESCRIPCIÓN FÍSICA
Extensión 147 p.
440 #0 - MENCIÓN DE SERIE/ASIENTO SECUNDARIO--TÍTULO
Título Orientación y doctrina ;
Designación de volumen o secuencia 4
650 #7 - ASIENTO SECUNDARIO DE MATERIA - TERMINO TEMATICO
Término de materia o nombre geográfico como elemento de entrada Español
Subdivisión general Ortografía
Fuente del encabezamiento o término
9 (RLIN) 12600
650 #4 - ASIENTO SECUNDARIO DE MATERIA - TERMINO TEMATICO
Término de materia o nombre geográfico como elemento de entrada VERIFICACION
905 ## - TIPO DE MATERIAL
Tipo de material Libro
Holdings
Estado de retiro Estado de pérdida Fuente del sistema de clasificación o colocación Estado dañado No para préstamo Código de colección Localización permanente Ubicación/localización actual Ubicación en estantería Total de préstamos Clasificación Código de barras Fecha visto por última vez Número de copia Tipo de ítem Koha
    Library of Congress Classification     Colección General Bib. Gregorio Torres Quintero Bib. Gregorio Torres Quintero Planta baja   PC4505 R6.2 4068 31/12/2020 1 Libro